书目信息 |
| 题名: |
契约和组织案例研究
|
|
| 作者: | 马斯腾 著 ;陈海威 , 李强 译 | |
| 分册: | ||
| 出版信息: | 北京 中国人民大学出版社 2005 |
|
| 页数: | 458页 | |
| 开本: | 23cm | |
| 丛书名: | 企业理论丛书. 企业理论译丛 | |
| 单 册: | ||
| 中图分类: | F273.7 | |
| 科图分类: | ||
| 主题词: | 企业管理--成本管理--研究 , 企业 , 成本管理 | |
| 电子资源: | ||
| ISBN: | 7-300-06544-9 | |
| 000 | 01316nam0 2200325 450 | |
| 000 | 01324nam0 2200325 450 | |
| 000 | 01255nam0 2200301 450 | |
| 000 | 01219nam0 2200289 45 | |
| 005 | 20070724105303.40 | |
| 010 | @a7-300-06544-9@dCNY38.00 | |
| 100 | @a20070626d2005 em y0chiy0120 ea | |
| 101 | 1 | @achi@ceng |
| 102 | @aCN@b110000 | |
| 105 | @ay z 000yy | |
| 200 | 1 | @a契约和组织案例研究@AQi Yue He Zu Zhi An Li Yan Jiu@f斯科特·E.马斯腾(Scott E.Masten)著@FSi Ke Te· E. Ma Si Teng (Scott E.Masten) Zhu@g陈海威,李强译 |
| 210 | @a北京@c中国人民大学出版社@d2005 | |
| 215 | @a458页@d23cm | |
| 225 | 2 | @a企业理论丛书. 企业理论译丛 |
| 330 | @a本书是由交易成本经济学领域的13篇性的实证论文汇集而成的著作。内容分为三个部分,第一部分探究了治理交易的契约的作用;第二部分探讨了市场交易的替代方式研究纵向一体化;第三部分研究中间类型即同时具备契约和内部组织特征的混合型组织形态。 | |
| 410 | 0 | @12001 @a企业理论丛书. 企业理论译丛 |
| 510 | 1 | @aCase Studies in Contracting and Organization@zeng |
| 606 | 0 | @a企业管理@x成本管理@x研究 |
| 606 | 0 | @a企业 |
| 606 | 0 | @a成本管理 |
| 690 | @aF273.7@v4 | |
| 701 | 1 | @a马斯腾@AMa Si Teng@g(Masten, Scott E.)@4著 |
| 702 | 0 | @a陈海威@AChen Hai Wei@4译 |
| 702 | 0 | @a李强@ALi Qiang@c(经济学)@4译 |
| 801 | 0 | @aCN@bTAOJIN@c20070724 |
| 905 | @a10447@dF273.7@e641 | |
| 契约和组织案例研究/斯科特·E.马斯腾(Scott E.Masten)著/陈海威,李强译.-北京:中国人民大学出版社,2005 |
| 458页;23cm.-(企业理论丛书. 企业理论译丛) |
| ISBN 7-300-06544-9:CNY38.00 |
| 本书是由交易成本经济学领域的13篇性的实证论文汇集而成的著作。内容分为三个部分,第一部分探究了治理交易的契约的作用;第二部分探讨了市场交易的替代方式研究纵向一体化;第三部分研究中间类型即同时具备契约和内部组织特征的混合型组织形态。 |
| ● |
| 相关链接 |
|
|
|
|
正题名:契约和组织案例研究
索取号:F273.7/641
 
预约/预借
| 序号 | 登录号 | 条形码 | 馆藏地/架位号 | 状态 | 备注 |
| 1 | 0824522 | 208245228 | 第一样本阅览室/ [索取号:F273.7/641] | 在馆 | |
| 2 | 0824523 | 208245237 | 密集书库/ [索取号:F273.7/641] | 在馆 | |
| 3 | 0824524 | 208245246 | 第一借阅区/ [索取号:F273.7/641] | 在馆 | |
| 4 | 0824525 | 208245255 | 密集书库/ [索取号:F273.7/641] | 在馆 | |
| 5 | 0824526 | 208245264 | 密集书库/ [索取号:F273.7/641] | 在馆 | |
| 6 | 0824527 | 208245273 | 第一借阅区/ [索取号:F273.7/641] | 在馆 | |
| 7 | 0824528 | 208245282 | 第一借阅区/ [索取号:F273.7/641] | 在馆 | |
| 8 | 0824529 | 208245291 | 第一借阅区/ [索取号:F273.7/641] | 在馆 |